[Event "LSS OP-2008-0-00520"]
[Site "LSS email"]
[Date "2008.04.17"]
[Round "?"]
[White "Jooste, Konrad"]
[Black "Law, Stephen"]
[Result "0-1"]
[WhiteElo "1801"]
[BlackElo "1705"]
[PlyCount "48"]
[EventDate "2008.04.15"]
[EventType "tourn (corr)"]
[EventRounds "4"]
[EventCountry "GER"]
[SourceTitle "Corr 2011"]
[Source "ChessBase"]
[SourceDate "2010.08.31"]
[SourceVersion "1"]
[SourceVersionDate "2010.08.31"]
[SourceQuality "1"]

1. d4 d5 2. Nf3 Nf6 3. e3 e6 4. Bd3 c5 5. c3 Nc6 6. Nbd2 Bd6 7. 0-0 0-0 8. dxc5 Bxc5 9. e4 Qc7 10. Re1 Ng4 11. Rf1 Nce5 12. Nxe5 Nxe5 13. Bc2 d4 14. Nb3 dxc3 15. Nxc5 Qxc5 16. Be3 Qc6 17. bxc3 Nc4 18. Bd4 e5 19. Be3 Nxe3 20. fxe3 Qxc3 21. Bb3 Qxe3+ 22. Kh1 Qxe4 23. Bc2 Qd4 24. Qh5 g6 0-1

[Event "LSS OP-2008-0-00520"]
[Site "LSS email"]
[Date "2008.04.17"]
[Round "?"]
[White "Tanti, Joseph G"]
[Black "Jooste, Konrad"]
[Result "1-0"]
[WhiteElo "1968"]
[BlackElo "1801"]
[PlyCount "41"]
[EventDate "2008.04.15"]
[EventType "tourn (corr)"]
[EventRounds "4"]
[EventCountry "GER"]
[SourceTitle "Corr 2011"]
[Source "ChessBase"]
[SourceDate "2010.08.31"]
[SourceVersion "1"]
[SourceVersionDate "2010.08.31"]
[SourceQuality "1"]

1. e4 Nf6 2. e5 Nd5 3. d4 d6 4. c4 Nb6 5. f4 dxe5 6. fxe5 Nc6 7. Be3 Bf5 8. Nc3 e6 9. Nf3 Nb4 10. Rc1 c5 11. Be2 Be7 12. 0-0 0-0 13. a3 cxd4 14. Nxd4 Nc6 15. Nxf5 exf5 16. Rxf5 g6 17. Rf1 Bg5 18. Bf4 Bxf4 19. Rxf4 Nxe5 20. c5 Nbd7 21. Ne4 1-0